| 000 | 01913 a2200241 4500 | ||
|---|---|---|---|
| 001 | 45514 | ||
| 005 | 20260407155727.0 | ||
| 008 | 260407a2016 arg spa d | ||
| 003 | AR-UNSa-BCEJYS | ||
| 040 |
_aAR-UNSa-BCEJYS _bspa _cAR-UNSa-BCEJYS |
||
| 080 |
_a336.02 _xPolítica financiera. Política fiscal |
||
| 245 | 1 | 0 |
_aIncentivos perversos , gobernantes oportunistas, votantes racionales _pensayos sobre la economía política de las provincias argentinas |
| 020 | _a978-987-02-9221-0 | ||
| 264 | 1 |
_aBuenos Aires : _bDunken _c2016 |
|
| 300 |
_a308 p. _c23 cm. |
||
| 505 | _aPrimera Parte: Federalismo, transferencias intergubernamentales y política fiscal: 1. Restricción Presupuestaria Blanda en Sistemas Federales: Incentivos en los gobiernos sub nacionales y Riesgo compartido / María José Catalán – 2. ¿Están las transferencias nacionales desplazando recursos tributarios provinciales en Argentina? / Ernesto Rezk y Nicolás Pérez Águila – 3. La paradoja de la dádiva en provincias argentinas / Marcelo Capello, Albeto Figueras e Iván Uturralde – 4. El Comportamiento Fiscal de los Gobiernos Provinciales en tiempos electorales / Osvaldo Meloni – 5. Extensión. Los rostros del Oportunismo: Peronistas, Radicales y Partidos Provinciales – 6. Competencia política y política fiscal / Osvaldo Meloni – Segunda Parte: Reglas de juego, elecciones y desempeño fiscal de los gobiernos provinciales: 7. Determinantes Institucionales del Gasto Público en las Provincias Argentinas / José Bercoff y Jorge Nougués – 8. Sensatez y Sensibilidad: Condiciones socioeconómicas y voto femenino / José Bercoff y Osvaldo Meloni - | ||
| 041 | _aspa | ||
| 942 | _cBK | ||
| 590 | _aniveau_biblio:m niveau_hierar:0 | ||
| 100 | 1 | _aMeloni, Osvaldo | |
| 700 | 1 | _aBercoff, José J. | |
| 856 | 4 | 1 |
_uhttps://www.biblioeco.unsa.edu.ar/pmb/images/libros/L127128.jpg _yImagen de portada _qimage/jpeg |
| 999 |
_c3948 _d3948 |
||